000 00387nam a22001697a 4500
003 UA-OsUOA
001 5404
007 ta
008 20050721b un ||||| |||| 00| 0 ukr d
100 _aAzar
700 _aBetty Schrampfer
942 _cBK
040 _aUA-OsUOA
_cUA-OsUOA
_dUA-OsUOA
245 _aUnderstanding and Using English Grammar. W.B.
_bGrammar
955 _a2
650 7 _2UDC
999 _c291566
_d291566